Central Library OPAC University of Rajshahi

জাতীয়তাবাদী পদ্ধতিতে বাংলা লোককথার বিচার-বিশ্লেষণ / (Record no. 44409)

MARC details
000 -LEADER
fixed length control field 00874nam a22002297a 4500
001 - CONTROL NUMBER
control field 44409
003 - CONTROL NUMBER IDENTIFIER
rucl marc code BD-RjUL
005 - DATE AND TIME OF LATEST TRANSACTION
control field 20211209053842.0
008 - FIXED-LENGTH DATA ELEMENTS--GENERAL INFORMATION
fixed length control field 160717s2004 ii ||||| |||| 00| 0 ben d
020 ## - INTERNATIONAL STANDARD BOOK NUMBER
Terms of availability : IRs 200.00
035 ## - SYSTEM CONTROL NUMBER
System control number (BD-RjUL)44527
040 ## - CATALOGING SOURCE
Original cataloging agency BD-RjUL
Language of cataloging ben
Transcribing agency BD-RjUL
041 ## - LANGUAGE CODE
Language code of text/sound track or separate title ben
082 ## - DEWEY DECIMAL CLASSIFICATION NUMBER
Edition number 23
Classification number 398.2
Author mark and year MIJ 2004
100 ## - MAIN ENTRY--PERSONAL NAME
Personal name মিত্র, অন্তরা
9 (RLIN) 127180
245 10 - TITLE STATEMENT
Title জাতীয়তাবাদী পদ্ধতিতে বাংলা লোককথার বিচার-বিশ্লেষণ /
Statement of responsibility, etc. অন্তরা মিত্র
260 ## - PUBLICATION, DISTRIBUTION, ETC. (IMPRINT)
Place of publication, distribution, etc. কলকাতা :
Name of publisher, distributor, etc. পুস্তক বিপণি,
Date of publication, distribution, etc. ২০০৪
300 ## - PHYSICAL DESCRIPTION
Pagination [১০], ৩৬৭ পৃ. ;
Size ২১ সেমি.
650 ## - SUBJECT ADDED ENTRY--TOPICAL TERM
Topical term or geographic name as entry element লোকসাহিত্য
9 (RLIN) 136314
Topical term or geographic name as entry element Folk Literature
9 (RLIN) 136315
942 ## - ADDED ENTRY ELEMENTS (KOHA)
Source of classification or shelving scheme Dewey Decimal Classification
Koha item type Books
Holdings
Lost status Source of classification or shelving scheme Damaged status Not for loan Collection code Permanent Location Current Location Shelving location Date acquired Source of acquisition Cost, normal purchase price Total Checkouts Full call number Date last seen Date checked out Copy number Koha item type
  Dewey Decimal Classification     Non-fiction Central Library, University of Rajshahi Central Library, University of Rajshahi   21/01/2008 Dhaka : Paragon Enterprise 200.00 1 B 398.2 MIJ 2004 17/12/2018 10/12/2018 C-2 Books
  Dewey Decimal Classification     Non-fiction Central Library, University of Rajshahi Central Library, University of Rajshahi   05/09/2009 Ahoshinia mission book 1176.00   B 398.2 MIJ 2004 11/08/2016   C-3 Books
  Dewey Decimal Classification     Non-fiction Central Library, University of Rajshahi Central Library, University of Rajshahi   21/01/2008 Dhaka : Paragon Enterprise 200.00   B 398.2 MIJ 2004 11/08/2016   C-4 Books
  Dewey Decimal Classification     Non-fiction Central Library, University of Rajshahi Central Library, University of Rajshahi   05/09/2009 Ahoshinia mission book 1176.00 5 B 398.2 MIJ 2004 25/06/2022 19/06/2022 C-5 Books
  Dewey Decimal Classification     Non-fiction Central Library, University of Rajshahi Central Library, University of Rajshahi   05/09/2009 Ahoshinia mission book 1176.00   B 398.2 MIJ 2004 11/08/2016   C-6 Books
  Dewey Decimal Classification     Non-fiction Central Library, University of Rajshahi Central Library, University of Rajshahi   05/09/2009 Ahsanian Mission Book, Dhaka 1176.00   B 398.2 MIJ 2004 20/08/2016   C-7 Books
  Dewey Decimal Classification     Non-fiction Central Library, University of Rajshahi Central Library, University of Rajshahi Newspapers Stack 21/01/2008 Paragon Enterprise Lit., Dhaka 200.00   B 398.2 MIJ 2004 05/01/2021   C-8 Books
  Dewey Decimal Classification   Not For Loan Non-fiction Central Library, University of Rajshahi Central Library, University of Rajshahi Reading Room 21/01/2008 Paragon Enterprise Lit., Dhaka 200.00   B 398.2 MIJ 2004 05/01/2021   C-1 Books